LEADER 01198nam a2200265 i 4500 001 000000104366 003 CaOOAMICUS 005 20151230000000.0 008 151230s2016 it u000 u ger u 013 $a76554 020 $a978-3-17-013514-7 040 $aSeMil$bita 245 10$aAramäisches Wörterbuch /$cherausgegeben von Holger Gzella ; [Lieferung 1 wurde hrsg. von Ingo Kottsieper]. 260 $aStuttgart :$bKohlhammer,$c2016. 300 $aXXIV, 896 col. ;$c26 cm. 650 4$aLingua aramaica biblica - Dizionari, glossari, grammatica etc.$0(OLS)http://semarc/subject/424 700 1 $aKottsieper, Ingo.$0(OLS)http://semarc/name/44175 700 1 $aGzella, Holger.$0(OLS)http://semarc/name/44174 773 0 $tTheologisches Wörterbuch zum Alten Testament.$dStuttgart [etc.] : Kohlhammer, 1973.$g9$w()1197 850 $aSeMil 852 $aSeMil$W1$xVenegono$y1$mSL1.R VI 9$j60764$B60764$CSeMilBibl$Z2$F45178 $8I 961 $aSottoscrizione: Kohlhammer 996 $6020$a978-3-17-013514-7$9(OLS)http://semarc/number/84295 996 $6245$aAramäisches Wörterbuch$9(OLS)http://semarc/title/151331 996 $6260$aStuttgart :$bKohlhammer$9(OLS)http://semarc/publisher/29983 LEADER 01471nam a2200289 i 4500 001 000000044588 003 CaOOAMICUS 005 20230202123925.0 008 140402s1991 gw u000 u ger u 013 $a15758 020 $a3-11-012885-3 040 $aSeMil$bita 100 1 $aMüller, Hans-Peter,$d<1934-2004>.$0(OLS)http://semarc/name/21108 245 10$aMythos Kerygma Wahrheit :$bGesammelte Aufsätze zum Alten Testament in seiner Umwelt und zur Biblischen Theologie /$cHans-Peter Mueller. 260 $aBerlin ; New York :$bWalter de Gruyter,$c1991. 300 $aXIV, 319 p. ;$c24 cm. 490 0 $aBeihefte zur Zeitschrift für die alttestamentliche Wissenschaft ;$v200 650 4$aMito.$0(OLS)http://semarc/subject/2342 650 4$aBibbia. Antico Testamento - Commentari, studi, critica, interpretazioni.$0(OLS)http://semarc/subject/2 830 0$aBeihefte zur Zeitschrift für die alttestamentliche Wissenschaft ;$v200.$0(OLS)http://semarc/title/294 850 $aSeMil 852 $aSeMil$W1$xVenegono$y1$m2XA Q 200$j236808$B10743$CSeMilBibl$Z2$F10743 $81 961 $aAcquisto: Casa editrice 996 $6020$a3-11-012885-3$9(OLS)http://semarc/number/16495 996 $6245$aMythos Kerygma Wahrheit :$bGesammelte Aufsätze zum Alten Testament in seiner Umwelt und zur Biblischen Theologie$9(OLS)http://semarc/title/65994 996 $6260$aBerlin ; New York :$bWalter de Gruyter$9(OLS)http://semarc/publisher/29849